Word Ladder: 2007 Fantasy Movie Quiz Stats

 Plays Quiz Updated Sep 20, 2017

Score 0/18 Timer 02:00
0 Plays Today
Hint 4-Letter Word % Correct
Fly, like an eagleSOAR
96.8%
Male pigBOAR
95.7%
Like reptilian bloodCOLD
92.4%
Pb, according to the periodic tableLEAD
91.7%
Byron or Voldemort, for instanceLORD
91.5%
Phone charging needCORD
91.3%
PriceCOST
91.2%
Pack one's carLOAD
90.1%
Revolver inventor SamuelCOLT
90%
Hint 4-Letter Word % Correct
Low in fatLEAN
87.6%
ABC TV show from 2004-2010LOST
87.1%
A deadly sinLUST
86.9%
Trotsky or Spinks, e.g.LEON
81.3%
Diving birdLOON
74.7%
Ill-mannered personBOOR
74.3%
A timely benefitBOON
71.6%
★ 2007 film or Neil Gaiman book: ___[Last Rung] ★
OR Gemini component
★STAR★
54.1%
★ 2007 film or Neil Gaiman book: [First Rung]___
OR Pledge target
★DUST★
50.4%

Today's Daily Dose

You're not logged in!

Compare scores with friends on all Sporcle quizzes.
OR
Log In

You Might Also Like...

Show Comments

Extras

Top Quizzes Today


Score Distribution

Your Account Isn't Verified!

In order to create a playlist on Sporcle, you need to verify the email address you used during registration. Go to your Sporcle Settings to finish the process.

Report this User

Report this user for behavior that violates our Community Guidelines.

Details: